Closest station to UK Football Ground - Statistics

General Stats
  • This quiz has been taken 14 times
  • The average score is 43 of 104
Answer Stats
Hint Answer % Correct
Aberdeen Aberdeen
89%
Barnsley Barnsley
89%
Barrow Barrow-in-Furness
89%
Colchester United Colchester
89%
Norwich City Norwich
89%
Nottingham Forest | Notts County Nottingham
89%
Accrington Stanley Accrington
78%
Derby County Derby
78%
Doncaster Rovers Doncaster
78%
Dundee | Dundee United Dundee
78%
Harrogate Town Harrogate
78%
Wycombe Wanderers High Wycombe
78%
Hull City Hull
78%
Ipswich Town Ipswich
78%
Leicester City Leicester
78%
Luton Town Luton
78%
Mansfield Town Mansfield
78%
Middlesbrough Middlesbrough
78%
Newcastle Newcastle
78%
Northampton Town Northampton
78%
Peterborough United Peterborough
78%
Preston North End Preston
78%
Stevenage Stevenage
78%
Stockport County Stockport
78%
Stoke City Stoke-on-Trent/Longton
78%
Wolverhampton Wanderers Wolverhampton
78%
Crewe Alexandra Crewe
67%
Huddersfield Town Huddersfield
67%
Kilmarnock Kilmarnock
67%
Lincoln City Lincoln
67%
Newport County Newport
67%
Plymouth Argyle Plymouth
67%
Sheffield United | Sheffield Wednesday Sheffield
67%
Shrewsbury Town Shrewsbury
67%
Sunderland Sunderland
67%
Swansea Swansea
67%
Blackpool Blackpool South
56%
Burton Albion Burton-on-Trent
56%
Chesterfield Chesterfield
56%
Crawley Town Crawley
56%
Gillingham Gillingham
56%
Swindon Town Swindon
56%
Charlton Athletic Charlton
44%
Burnley Burnley Central/Burnley Manchester Road
33%
Cambridge United Cambridge North
33%
Cheltenham Town Cheltenham Spa
33%
Portsmouth Fratton
33%
West Ham United Hackney Wick/Stratford
33%
Fleetwood Town Poulton-le-Fylde
33%
Southampton Southampton Central/Woolston
33%
Tottenham Hotspur White Hart Lane
33%
Wigan Athletic Wigan North Western/Wigan Wallgate
33%
Wrexham Wrexham General
33%
Walsall Bescot Stadium
22%
Bradford City Bradford Forster Square
22%
Arsenal Drayton Park
22%
Hibernian Edinburgh Waverley
22%
Falkirk Falkirk Grahamston
22%
Brighton & Hove Albion Falmer
22%
Liverpool Kirkdale/Sandhills/Bank Hall
22%
Blackburn Mill Hill
22%
Cardiff City Ninian Park
22%
Bristol City Parson Street
22%
Reading Reading Green Park
22%
Rotherham United Rotherham Central
22%
Crystal Palace Selhurst/Norwood Junction
22%
Queen's Park Rangers Shepherd's Bush
22%
West Bromwich Albion The Hawthorns
22%
Watford Watford High Street
22%
Aston Villa Witton
22%
Bristol Rovers Ashley Down
11%
Birmingham City Bordesley
11%
Bromley Bromley South
11%
Leeds United Cottingley
11%
Coventry City Coventry Arena
11%
AFC Wimbledon Haydons Road
11%
Heart of Midlothian Haymarket
11%
Bolton Wanderers Horwich Parkway
11%
Chelsea Imperial Wharf/West Brompton
11%
Barnet Kenton
11%
Brentford Kew Bridge
11%
Everton Kirkdale
11%
Leyton Orient Leyton Midland Road
11%
Livingston Livingston North
11%
Oldham Athletic Mills Hill
11%
Grimsby Town New Clee
11%
St Mirren Paisley St James
11%
AFC Bournemouth Pokesdown
11%
Fulham Putney
11%
Oxford United Radley
11%
Tranmere Rovers Rock Ferry
11%
Millwall South Bermondsey
11%
Exeter City St James Park
11%
Manchester United Trafford Park
11%
Motherwell Airbles
0%
Manchester City Ashburys
0%
Salford City Clifton
0%
Celtic Dalmarnock
0%
Rangers Dumbreck
0%
Milton Keynes Dons Fenny Stratford
0%
Port Vale Longport
0%
No matching quizzes found
Score Distribution
Percent of People with Each Score
Percentile by Number Answered
Your Score History
You have not taken this quiz